Fluktuácia ako faktor znižovania konkurencieschopnosti podniku diplomová práca

Saved in:
Bibliographic Details
Main Author: Miklušáková, Simona
Corporate Author: Fakulta podnikového manažmentu EU. Katedra manažmentu
Other Authors: Szarková, Miroslava, 1951-
Format: Book
Language:Slovak
Published: Bratislava 2018
Tags: Add Tag
No Tags, Be the first to tag this record!

MARC

LEADER 00000nbm a2200000 4500
001 0244770
005 20180920131410.7
041 0 |a slo 
044 |a SK 
245 1 0 |a Fluktuácia ako faktor znižovania konkurencieschopnosti podniku  |b diplomová práca  |c Simona Miklušáková ; školiteľ: Miroslava Szarková 
264 1 |a Bratislava  |c 2018 
300 |a 63 s. 
100 1 |a Miklušáková, Simona 
700 1 |a Szarková, Miroslava, 1951- 
710 2 |a Fakulta podnikového manažmentu EU. Katedra manažmentu